00836nam a22002535i 450000100060000000300090000600500170001500700030003200800410003502000180007604000220009408000190011608000160013510000280015124500580017926000550023730000400029249000540033250400270038665000460041365000540045983000360051385200330054912935ES-MaACL20250930063034.0t|940728s1993 sp ||||0| spa j a84-7600-894-5 aM-BN bspa cM-BN a930.85(=98:81) a904(=98:81)0 aAlonso Sagaseta, Alicia10aArqueología amazónica / cAlicia Alonso Sagaseta. aTorrejón de Ardoz, Madrid : bAkal, cD.L. 1993. a54 p. : bil. col., map. ; c24 cm.1 aAkal Las Américas ; v11. aArqueología ; v5 aBibliografía: 53-54.14aIndios de la Amazonía-xCivilización.14aIndios de la Amazonía-xRestos arqueológicos.00aAkal. pLas Américasv11. v5 aES-MaACLjL-20259 bR.125423